000 003870000a22001450004500
005 20120302065344.0
942 _cBOOK
100 _a Subandha, Pralhadbua
245 _a Sant Vangmay Visharad Haribhakti Parayan, Yogiraj
260 _aPune:Shree Pradnya Prakashan, 1998
300 _a63+224+70p..-ill
040 _aMar
365 _b/-
650 _aSankeerna, Janmashatabdi Visheshank
999 _c364563
_d364560